Every Major City in Egypt - Statistics

General Stats
  • This quiz has been taken 5 times
  • The average score is 9 of 19
Answer Stats
Answer % Correct
Alexandria
100%
Cairo
100%
Luxor
100%
Port Said
100%
Suez
100%
Giza
80%
Aswan
60%
Damietta
40%
10th of Ramadan
20%
6th of October
20%
Al Fayyum
20%
Damanhur
20%
El Mahalla El Kubra
20%
Ismailia
20%
New Cairo
20%
Shubra El Kheima
20%
Sohag
20%
Obour
0%
Qina
0%
No matching quizzes found
Score Distribution
Percent of People with Each Score
Percentile by Number Answered
Your Score History
You have not taken this quiz